| 000 | 00953cam a22003134a 4500 | ||
|---|---|---|---|
| 005 | 20260322212028.0 | ||
| 008 | data | ||
| 010 | _a 2005032707 | ||
| 020 | _a9780756619527 (pbk.) | ||
| 020 | _a0756619521 (pbk.) | ||
| 040 |
_aDLC _cDLC _dDLC |
||
| 042 | _apcc | ||
| 050 | 0 | 0 |
_aG133 _b.D58 2006 |
| 082 | 0 | 0 |
_a910 _222 |
| 092 | _a910 D58 2006 | ||
| 100 | 1 |
_aAdams, Simon, _d1955- |
|
| 245 | 1 | 0 |
_aGeography of the world / _cSimon Adams, Anita Ganeri & Ann Kay. |
| 250 | _aRev. and updated ed. | ||
| 260 |
_aNew York : _aNew York : _bDK, _c2006. |
||
| 300 |
_a304 p. : _bcol. ill., col. maps ; _c28 cm. |
||
| 500 | _aRev. ed. of: DK geography of the world. 2003. | ||
| 500 | _aIncludes index. | ||
| 650 | 0 |
_aGeography _vJuvenile literature. |
|
| 700 | 1 |
_aGaneri, Anita, _d1961- |
|
| 700 | 1 | _aKay, Ann. | |
| 730 | 0 | _aDK geography of the world. | |
| 856 | 4 | 1 |
_3Table of contents only _uhttp://www.loc.gov/catdir/toc/ecip063/2005032707.html |
| 001 | data | ||
| 999 |
_c644 _d644 |
||